Miasta w woj. łódzkim - nagła śmierć - Statystyki

Ogólne statystyki
  • Ten quiz został rozwiązany 95 razy
  • Średni wynik to 17 z 28
Answers on the Grid
Answers color-coded by a green-red scale on the quiz's grid according to % correct below.
Łódź
Skierniewice
Piotrków Trybunalski
Kutno
Łowicz
Łęczyca
Poddębice
Zgierz
Pabianice
Brzeziny
Zduńska Wola
Łask
Sieradz
Wieruszów
Wieluń
Pajęczno
Bełchatów
Radomsko
Opoczno
Tomaszów Mazowiecki
Rawa Mazowiecka
Aleksandrów Łódzki
Ozorków
Koluszki
Rzgów
Tuszyn
Krośniewice
Głowno
Kępice
Turek
Koło
Radom
Gostynin
Sochaczew
Grodzisk Mazowiecki
Przysucha
Kłobuck
Częstochowa
Szczekociny
Końskie
Włoszczowa
Kluczbork
Kalisz
Żyrardów
 
Statystyki odpowiedzi
Odpowiedź % Poprawnych
Aleksandrów Łódzki
82%
Łódź
82%
Piotrków Trybunalski
76%
Bełchatów
73%
Skierniewice
71%
Zgierz
71%
Łowicz
67%
Tomaszów Mazowiecki
67%
Koluszki
65%
Pabianice
65%
Opoczno
63%
Radomsko
63%
Wieluń
63%
Sieradz
61%
Zduńska Wola
61%
Kutno
59%
Rawa Mazowiecka
57%
Głowno
53%
Łask
53%
Łęczyca
53%
Rzgów
51%
Pajęczno
49%
Poddębice
49%
Brzeziny
47%
Ozorków
47%
Tuszyn
45%
Wieruszów
39%
Krośniewice
35%
Nie znaleziono quizów pasujących do podanych kryteriów
Rozkład punktacji
Procent ludzi z każdym wynikiem
Percentyl według liczby udzielonych odpowiedzi
Twoja historia wyników
Nie rozwiązałeś tego quizu